Regarding requirements as to consular invoices, modifying Circulars 170 and 207 of 1892.

Bibliographic Details
Corporate Author: United States. Department of the Treasury. Office of the Secretary
Format: Government Document eBook
Language:English
Published: [Washington] : [publisher not identified], 1893.
Subjects:
Online Access:Connect to the full text of this electronic document

MARC

Tag First Indicator Second Indicator Subfields
LEADER 00000cam a22000001a 4500
001 in00003648317
005 20190408151813.0
006 m o d f
007 cr bn mmmapmmp
008 141119s1893 dcu o f000 0 eng d
035 |a ebd1909105610 
040 |a UMI  |c UMI  |d UtOrBLW 
086 0 |a T 1.4:893/14 
099 |a T104-20.14 
110 1 |a United States.  |b Department of the Treasury.  |b Office of the Secretary.  |0 http://id.loc.gov/authorities/names/n81028014 
245 1 0 |a Regarding requirements as to consular invoices, modifying Circulars 170 and 207 of 1892. 
264 1 |a [Washington] :  |b [publisher not identified],  |c 1893. 
300 |a 1 online resource (1 pages) 
336 |a text  |b txt  |2 rdacontent 
337 |a computer  |b c  |2 rdamedia 
338 |a online resource  |b cr  |2 rdacarrier 
533 |a Electronic reproduction.  |b [Bethesda, Md.] :  |c ProQuest,  |d 2014.  |e digital, PDF file.  |n ProQuest U.S. Executive Branch Documents  |n Mode of access: World Wide Web via ProQuest website. 
588 |a Record is based on online resource; title from PDF title page (ProQuest, last viewed Nov. 2014). Reuse except for individual research requires license from ProQuest, LLC. 
500 |a Electronic resource. 
650 0 |a Prices.  |0 http://id.loc.gov/authorities/subjects/sh85106622 
655 7 |a Electronic books.  |2 local 
856 4 0 |u http://proxy.library.tamu.edu/login?url=http://congressional.proquest.com/congressional/docview/t66.d71.t104-20.14  |z Connect to the full text of this electronic document  |t 0 
999 f f |s 898b52bb-34ac-35f1-b458-5c0e196391cf  |i fd1c3de6-63be-39a1-9297-a232843f8a1f  |t 0 
952 f f |a Texas A&M University  |b College Station  |c Electronic Resources  |d Available Online  |t 0  |h No information provided 
998 f f |t 0  |l Available Online